000 00776nam a2200253Ia 4500
003 OSt
005 20220930065220.0
006 a|||||r|||| 00| 0
007 ta
008 220926b |||||||| |||| 00| 0 eng d
024 _a5312
037 _cTheses
040 _aCRL
_cCRL
_beng
041 _2eng
_aeng
082 _aX93:76-75.2N7, M0
100 _aMittal Dutt Kumar
110 _aUniversity of Delhi. Faculty of Social Science. Department of Commerce
245 0 _aPrice policy for public enterprises in India during plans
260 _c1980
650 _aCOMMERCE
700 _aUniversity of Delhi. Faculty of Social Science. Department of Commerce
942 _hX93:76-75.2N7, M0
_cDIS
_2CC
999 _c859264
_d859264